[Event "Accelerated dragon assault!"]
[Site "SchemingMind.com"]
[Date "2008.03.15"]
[Round "-"]
[White "1tamad"]
[Black "BlueMooner"]
[Result "0-1"]
[WhiteCountry "USA"]
[BlackCountry "ENG"]
[WhiteElo "1769"]
[WhiteRD "65"]
[BlackElo "1806"]
[BlackRD "84"]
[GameID "145537"]

1. e4 c5 2. Nf3 Nc6 3. d4 cxd4 4. Nxd4 g6 5. c3 Bg7 6. Be3 Nf6 7. Bd3 O-O 8. O-O d5 9. Nxc6 bxc6 10. e5 Ne8
11. f4 f6 12. Bd4 Qc7 13. exf6 Nxf6 14. f5 e5 15. Bc5 e4 16. Bxf8 Bxf8 17. Bc2 Bxf5 18. Kh1 Ng4 19. g3 Qb6 20. Qc1 Bh6
21. Rf4 Nf2+ 22. Kg2 Bh3+ 23. Kg1 Nd3+
0-1

[Event "Accelerated dragon assault!"]
[Site "SchemingMind.com"]
[Date "2008.03.10"]
[Round "-"]
[White "1tamad"]
[Black "Clive Everill"]
[Result "1-0"]
[WhiteCountry "USA"]
[BlackCountry "CZE"]
[WhiteElo "1769"]
[WhiteRD "65"]
[BlackElo "1684"]
[BlackRD "48"]
[GameID "145538"]

1. e4 c5 2. Nf3 Nc6 3. d4 cxd4 4. Nxd4 g6 5. Nc3 Bg7 6. Be3 a6 7. Bc4 Nf6 8. f3 d6 9. O-O O-O 10. Rb1 b5
11. Nxc6 Qc7 12. Nxe7+ Qxe7 13. Nd5 Nxd5 14. Bxd5 Rb8 15. Bd4 Qg5 16. Bxg7 Kxg7 17. Qc1 Qe7 18. c4 b4 19. a3 a5 20. b3 Qa7+
21. Kh1 f5 22. axb4 axb4 23. Qb2+ Kh6 24. Ra1 Qe7 25. Ra4 fxe4 26. Qd2+ e3 27. Qe1 Bf5 28. Rxb4 Rxb4 29. Qxb4 e2 30. Re1 Qe5
31. Qd2+ Kg7 32. Rxe2 Qa1+ 33. Re1 Qa7 34. h3 Bc8 35. Qc3+ Kh6 36. Qe3+ Qxe3 37. Rxe3 Rf6 38. Kh2 Bf5 39. b4 Kg5 40. g3 h5
41. Re8 Bd7 42. Re7 Ba4 43. Re6 Bb3 44. h4+ Kf5 45. g4+ hxg4 46. fxg4+
1-0

[Event "Accelerated dragon assault!"]
[Site "SchemingMind.com"]
[Date "2008.03.10"]
[Round "-"]
[White "1tamad"]
[Black "TRFz"]
[Result "0-1"]
[WhiteCountry "USA"]
[BlackCountry "GBR"]
[WhiteElo "1769"]
[WhiteRD "74"]
[BlackElo "2202"]
[BlackRD "56"]
[GameID "145539"]

1. e4 c5 2. Nf3 Nc6 3. d4 cxd4 4. Nxd4 g6 5. c3 Bg7 6. Bc4 Nf6 7. Nd2 d6 8. O-O O-O 9. Re1 Ne5 10. Be2 a6
11. Kh1 b5 12. f4 Neg4 13. Bxg4 Nxg4 14. Qe2 Bb7 15. Qxg4 b4 16. N2b3 a5 17. cxb4 a4 18. f5 Qd7 19. Ne6 fxe6 20. fxe6 Qb5
21. Bg5 axb3 22. Bxe7 Rfe8 23. Bxd6 bxa2 24. e5 Bc8 25. Qe2 Qxe2 26. Rxe2 Bxe6 27. h3 Rec8 28. Bc5= Bf8 29. Rc2 Rc6 30. Rc3 Rac8
31. b3 Ra8 32. Kg1 Ra3 33. Kf2 Rxb3
0-1

[Event "Accelerated dragon assault!"]
[Site "SchemingMind.com"]
[Date "2008.03.10"]
[Round "-"]
[White "1tamad"]
[Black "SLAINTIE MHATH"]
[Result "1/2-1/2"]
[WhiteCountry "USA"]
[BlackCountry "POL"]
[WhiteElo "1749"]
[WhiteRD "66"]
[BlackElo "1655"]
[BlackRD "50"]
[GameID "145540"]

1. e4 c5 2. Nf3 Nc6 3. d4 cxd4 4. Nxd4 g6 5. Nc3 Bg7 6. Be3 a6 7. Bc4 e6 8. O-O b5 9. Bb3 Bb7 10. a4 Bxd4
11. Bxd4 e5 12. Qf3 Nf6 13. Bc5 Nd4 14. Bxd4 exd4 15. Nd5 Nxd5 16. Bxd5 Bxd5 17. exd5 O-O 18. Rfd1 Qh4 19. Qd3 b4 20. Qxd4 Qxd4
21. Rxd4 a5 22. g3 d6 23. Re1 Rac8 24. Re2 f5 25. f4 Kf7 26. Kf2 Rfe8 27. Red2 Ke7 28. R4d3 Kf6=
1/2-1/2

[Event "Accelerated dragon assault!"]
[Site "SchemingMind.com"]
[Date "2008.03.10"]
[Round "-"]
[White "keen"]
[Black "1tamad"]
[Result "1/2-1/2"]
[WhiteCountry "SCO"]
[BlackCountry "USA"]
[WhiteElo "1820"]
[WhiteRD "54"]
[BlackElo "1749"]
[BlackRD "66"]
[GameID "145541"]

1. e4 c5 2. Nf3 Nc6 3. d4 cxd4 4. Nxd4 g6 5. Nc3 Bg7 6. Be3 Qb6 7. Na4 Qa5+ 8. Nc3 Qb4 9. Nb3 Bxc3+ 10. bxc3 Qxe4
11. Nc5 Qe5 12. Qd2 Nf6 13. Be2 O-O 14. O-O Ne4 15. Nxe4 Qxe4 16. Rfe1 e6 17. Bh6 Re8 18. Bd3 Qg4 19. Re4 Qh5 20. Qf4 d5
21. Re3 e5 22. Rae1 Bd7 23. Qg5 Qxg5 24. Bxg5 e4 25. Bb5 a6 26. Ba4 b5 27. Bb3 Be6 28. Bf6 Na5 29. Rd1 Nxb3=
1/2-1/2

[Event "Accelerated dragon assault!"]
[Site "SchemingMind.com"]
[Date "2008.03.11"]
[Round "-"]
[White "Dr_Pat"]
[Black "1tamad"]
[Result "1-0"]
[WhiteCountry "USA"]
[BlackCountry "USA"]
[WhiteElo "1929"]
[WhiteRD "48"]
[BlackElo "1749"]
[BlackRD "66"]
[GameID "145542"]

1. e4 c5 2. Nf3 Nc6 3. d4 cxd4 4. Nxd4 g6 5. Nc3 Bg7 6. Be3 d6 7. Bc4 Nf6 8. f3 O-O 9. Qd2 Qc7 10. Ncb5 Qa5
11. g4 a6 12. Nxc6 Qxd2+ 13. Kxd2 bxc6 14. Nd4 d5 15. Be2 Bb7 16. e5 Nd7 17. e6 Nf6 18. c3 c5 19. Nb3 c4 20. Nc5 Bc6
21. b3 cxb3 22. axb3 Nxg4 23. fxg4 d4 24. cxd4 Bxh1 25. Rxh1 a5 26. exf7+ Kxf7 27. Bc4+ Ke8 28. Ne6
1-0

[Event "Accelerated dragon assault!"]
[Site "SchemingMind.com"]
[Date "2008.03.15"]
[Round "-"]
[White "BlueMooner"]
[Black "1tamad"]
[Result "1/2-1/2"]
[WhiteCountry "ENG"]
[BlackCountry "USA"]
[WhiteElo "1883"]
[WhiteRD "73"]
[BlackElo "1769"]
[BlackRD "74"]
[GameID "145543"]

1. e4 c5 2. Nf3 Nc6 3. d4 cxd4 4. Nxd4 g6 5. c4 Bg7 6. Be3 Nf6 7. Nc3 O-O 8. Be2 e6 9. O-O Nxd4 10. Bxd4 a6
11. Qd2 b6 12. f4 Bb7 13. Bf3 Qc7 14. Qe3 Qxc4 15. Bxf6 Bxf6 16. e5 Bxf3 17. exf6 Bh5 18. h3 g5 19. Ne4 Bg6 20. f5 exf5
21. Nd6 Qc5 22. Qxc5 bxc5 23. Nxf5 d5 24. Ne7+ Kh8 25. Nxd5 Rfd8 26. Ne3 Rab8 27. b3 Rd3 28. Nc4 h5 29. Ne5 Rd6 30. Nxg6+ fxg6
31. Rf2 Kg8 32. Raf1 Kf7 33. Rc2 Rd5 34. Rfc1 Rb5 35. a4 Rxb3 36. Rxc5 Rd6 37. Rxg5 Kxf6 38. Ra5=
1/2-1/2

[Event "Accelerated dragon assault!"]
[Site "SchemingMind.com"]
[Date "2008.03.10"]
[Round "-"]
[White "Clive Everill"]
[Black "1tamad"]
[Result "0-1"]
[WhiteCountry "CZE"]
[BlackCountry "USA"]
[WhiteElo "1684"]
[WhiteRD "48"]
[BlackElo "1769"]
[BlackRD "65"]
[GameID "145544"]

1. e4 c5 2. Nf3 Nc6 3. d4 cxd4 4. Nxd4 g6 5. c3 Bg7 6. Bc4 Nf6 7. f3 O-O 8. Be3 Na5 9. Bd3 e5 10. Nb3 d5
11. O-O Nxb3 12. Qxb3 dxe4 13. Bxe4 Nxe4 14. fxe4 Qc7 15. Nd2 Be6 16. Qc2 b6 17. Nf3 Rad8 18. Ng5 Bc4 19. Rfd1 Rxd1+ 20. Rxd1 Rc8
21. b3 Ba6 22. Rc1 h6 23. Nf3 Bb7 24. Nd2 Qe7 25. Nf1 Qe6 26. Qf2 Bxe4 27. Nd2 Ba8 28. c4 e4 29. c5 f5 30. Rc4 Bd5
31. Ra4 bxc5 32. Bxc5 Rxc5 33. Qxc5 e3 34. Nf3 Bxf3 35. Kf1 Bxg2+ 36. Ke2 a6 37. Qa7 g5 38. Rxa6 Qe5 39. Qd7 f4 40. Qc8+ Kh7
41. Qc2+ Be4 42. Qc4 Qb2+
0-1

[Event "Accelerated dragon assault!"]
[Site "SchemingMind.com"]
[Date "2008.03.10"]
[Round "-"]
[White "TRFz"]
[Black "1tamad"]
[Result "1-0"]
[WhiteCountry "GBR"]
[BlackCountry "USA"]
[WhiteElo "2083"]
[WhiteRD "55"]
[BlackElo "1784"]
[BlackRD "68"]
[GameID "145545"]

1. e4 c5 2. Nf3 Nc6 3. d4 cxd4 4. Nxd4 g6 5. Nc3 Bg7 6. Be3 Qb6 7. Nd5 Qa5+ 8. Bd2 Qd8 9. Nb5 Be5 10. f4 a6
11. fxe5 axb5 12. Bf4 e6 13. Nc3 b4 14. Nb5 Qa5 15. Bc4 Nge7 16. Nd6+ Kf8 17. Qf3 Nxe5 18. Bxe5 Qxe5 19. Qxf7#
1-0

[Event "Accelerated dragon assault!"]
[Site "SchemingMind.com"]
[Date "2008.03.10"]
[Round "-"]
[White "SLAINTIE MHATH"]
[Black "1tamad"]
[Result "1-0"]
[WhiteCountry "POL"]
[BlackCountry "USA"]
[WhiteElo "1608"]
[WhiteRD "49"]
[BlackElo "1784"]
[BlackRD "68"]
[GameID "145546"]

1. e4 c5 2. Nf3 Nc6 3. d4 cxd4 4. Nxd4 g6 5. Bb5 Bg7 6. Nxc6 bxc6 7. Bc4 d6 8. Qf3 Nf6 9. Bg5 O-O 10. O-O d5
11. exd5 Nxd5 12. Nc3 Nxc3 13. bxc3 Bb7 14. Rae1 Bf6 15. Rd1 Qa5 16. Bxf6 exf6 17. Qxf6 Qc5 18. Bb3 a5 19. Rd7
1-0

[Event "Accelerated dragon assault!"]
[Site "SchemingMind.com"]
[Date "2008.03.11"]
[Round "-"]
[White "lemmie"]
[Black "Dr_Pat"]
[Result "1/2-1/2"]
[WhiteCountry "NED"]
[BlackCountry "USA"]
[WhiteElo "1735"]
[WhiteRD "58"]
[BlackElo "1929"]
[BlackRD "48"]
[GameID "145616"]

1. e4 c5 2. Nf3 Nc6 3. d4 cxd4 4. Nxd4 g6 5. Nc3 Bg7 6. Be3 Nf6 7. Bc4 O-O 8. Bb3 d6 9. f3 Bd7 10. Qd2 Rc8
11. O-O Na5 12. Rfe1 a6 13. Rad1 Nc4 14. Bxc4 Rxc4 15. Nb3 Rc8 16. Bd4 e5 17. Be3 Rc6 18. a3 Qc7 19. Rf1 Be6 20. Nc1 Rd8
21. Nd3 Rc4 22. Qf2 Ra8 23. Nb4 a5 24. Nb5 Qe7 25. Nd3 Ne8 26. b3 Rc6 27. a4 Nc7 28. Na3 d5 29. Bc5 Qf6 30. exd5 Nxd5
31. f4 Nxf4 32. Nxf4 Qxf4 33. c4 Qxf2+ 34. Bxf2 Bf6 35. Bg3 Be7 36. Nb5 f6 37. h3 Bf5 38. Bf2= Bc2 39. Rd7 Bb4 40. Nc7 Rc8
41. Nd5 Bxb3 42. Rc1 b6 43. Nxb6 R8c7 44. Rxc7 Rxc7 45. Rb1 Bc2 46. Rc1 Be4 47. g3 Kf7 48. Be3 Ke6 49. Kf2 f5 50. Ke2 Rf7
51. c5 f4 52. gxf4 exf4 53. Rc4 f3+ 54. Kf2 Bc6 55. Rc1 Rf5 56. Nc8 Kd7 57. Nb6+ Ke7 58. Nc8+ Kd8 59. Nb6=
1/2-1/2

[Event "Accelerated dragon assault!"]
[Site "SchemingMind.com"]
[Date "2008.03.16"]
[Round "-"]
[White "lemmie"]
[Black "BlueMooner"]
[Result "1/2-1/2"]
[WhiteCountry "NED"]
[BlackCountry "ENG"]
[WhiteElo "1745"]
[WhiteRD "51"]
[BlackElo "1856"]
[BlackRD "77"]
[GameID "145617"]

1. e4 c5 2. Nf3 Nc6 3. d4 cxd4 4. Nxd4 g6 5. Nc3 Bg7 6. Be3 Nf6 7. Nxc6 bxc6 8. Bc4 Qc7 9. O-O O-O 10. Bd4 d6
11. f4 c5 12. Bxf6 exf6 13. Nd5 Qb7 14. Rb1 f5 15. Qf3 Rb8 16. Rfe1 fxe4 17. Qxe4 Kh8 18. Qe7 Qxe7 19. Rxe7 Rb7 20. b3 Rxe7
21. Nxe7 Bd7 22. Rd1 Bd4+ 23. Kf1 Kg7 24. Nd5 Re8 25. Re1 Rxe1+ 26. Kxe1 Kf8 27. h3 h5 28. Ke2 Bc6 29. g4 hxg4 30. hxg4 Kg7
31. Kf3 a5 32. a4=
1/2-1/2

[Event "Accelerated dragon assault!"]
[Site "SchemingMind.com"]
[Date "2008.03.11"]
[Round "-"]
[White "lemmie"]
[Black "Clive Everill"]
[Result "1-0"]
[WhiteCountry "NED"]
[BlackCountry "CZE"]
[WhiteElo "1768"]
[WhiteRD "55"]
[BlackElo "1680"]
[BlackRD "52"]
[GameID "145619"]

1. e4 c5 2. Nf3 Nc6 3. d4 cxd4 4. Nxd4 g6 5. Nc3 Bg7 6. Be3 a6 7. Nd5 e6 8. Nxc6 dxc6 9. Bb6 Qh4 10. Nc7+ Ke7
11. Bc5+ Kf6 12. Qd8+
1-0

[Event "Accelerated dragon assault!"]
[Site "SchemingMind.com"]
[Date "2008.03.11"]
[Round "-"]
[White "lemmie"]
[Black "TRFz"]
[Result "1-0"]
[WhiteCountry "NED"]
[BlackCountry "GBR"]
[WhiteElo "1768"]
[WhiteRD "55"]
[BlackElo "2049"]
[BlackRD "54"]
[GameID "145620"]

1. e4 c5 2. Nf3 Nc6 3. d4 cxd4 4. Nxd4 g6 5. Nc3 Bg7 6. Be3 Nf6 7. Nxc6 bxc6 8. e5 Nd5 9. Nxd5 cxd5 10. Qxd5 Rb8
11. Bxa7 Rxb2 12. Bd4 Rb8 13. a4 Bb7 14. Qc4 Rc8 15. Qb5 Rxc2 16. Bd3 Rc7 17. Bb6 Bc6 18. Qa5 Bxg2 19. Bxc7 Qa8 20. Qxa8+ Bxa8
21. O-O d6 22. Bb5+ Kf8 23. exd6 Bxa1 24. d7
1-0

[Event "Accelerated dragon assault!"]
[Site "SchemingMind.com"]
[Date "2008.03.11"]
[Round "-"]
[White "lemmie"]
[Black "SLAINTIE MHATH"]
[Result "1-0"]
[WhiteCountry "NED"]
[BlackCountry "POL"]
[WhiteElo "1768"]
[WhiteRD "55"]
[BlackElo "1591"]
[BlackRD "45"]
[GameID "145621"]

1. e4 c5 2. Nf3 Nc6 3. d4 cxd4 4. Nxd4 g6 5. Nc3 e5 6. Ndb5 Bc5 7. Nd5 Bb6 8. Nxb6 Qxb6 9. Qd6 Nge7 10. Nc7+ Kf8
11. Nxa8 Qa5+ 12. Bd2 Qa4 13. Bd3 Nd4 14. Bh6+ Ke8 15. Nc7+ Kd8 16. Bg5 Qa5+ 17. b4 Qxb4+ 18. Qxb4 Kxc7 19. Qa5+ Kb8 20. Qxe5+
1-0

[Event "Accelerated dragon assault!"]
[Site "SchemingMind.com"]
[Date "2008.03.11"]
[Round "-"]
[White "keen"]
[Black "lemmie"]
[Result "0-1"]
[WhiteCountry "SCO"]
[BlackCountry "NED"]
[WhiteElo "1708"]
[WhiteRD "61"]
[BlackElo "1768"]
[BlackRD "55"]
[GameID "145622"]

1. e4 c5 2. Nf3 Nc6 3. d4 cxd4 4. Nxd4 g6 5. Nc3 Bg7 6. Be3 Nf6 7. Be2 O-O 8. Qd2 d6 9. O-O-O Ng4 10. Bxg4 Bxg4
11. f3 Bd7 12. g4 Ne5 13. Bh6 Nc4 14. Qg5 e5 15. Qxd8 Bxh6+ 16. g5 Raxd8 17. gxh6 exd4 18. Rxd4 Be6 19. b3 Ne5 20. Rhd1 Nxf3
21. Rxd6 Rxd6 22. Rxd6 Nxh2 23. Nb5 a6 24. Nd4 Bc8 25. e5 Ng4
0-1

[Event "Accelerated dragon assault!"]
[Site "SchemingMind.com"]
[Date "2008.03.11"]
[Round "-"]
[White "Dr_Pat"]
[Black "lemmie"]
[Result "1-0"]
[WhiteCountry "USA"]
[BlackCountry "NED"]
[WhiteElo "1903"]
[WhiteRD "53"]
[BlackElo "1749"]
[BlackRD "56"]
[GameID "145623"]

1. e4 c5 2. Nf3 Nc6 3. d4 cxd4 4. Nxd4 g6 5. Nc3 Bg7 6. Be3 Nf6 7. Nxc6 bxc6 8. e5 Ng8 9. f4 d5 10. exd6 Qxd6
11. Qxd6 exd6 12. Ne4 Kd7 13. O-O-O d5 14. c4 Ne7 15. Bc5 f5 16. Nc3 Bb7 17. cxd5 Nxd5 18. Nxd5 cxd5 19. Bb5+ Kc8 20. Rhe1 Rd8
21. Be7 Rh8 22. Kb1 a6 23. Rc1+ Kb8 24. Ba4 Bd4 25. Bd6+ Ka7 26. Re7 Rac8 27. Bc6 Rxc6 28. Rxc6 Ka8 29. Rcc7 Bc8 30. Be5 Bxe5
31. fxe5 h5 32. Kc2 f4 33. Kc3 Rd8 34. Kd4 Kb8 35. Rc6 Bf5 36. Rb6+ Kc8 37. e6 Be4 38. Rbb7 Bxg2 39. Rec7#
1-0

[Event "Accelerated dragon assault!"]
[Site "SchemingMind.com"]
[Date "2008.03.16"]
[Round "-"]
[White "BlueMooner"]
[Black "lemmie"]
[Result "0-1"]
[WhiteCountry "ENG"]
[BlackCountry "NED"]
[WhiteElo "1806"]
[WhiteRD "84"]
[BlackElo "1755"]
[BlackRD "56"]
[GameID "145624"]

1. e4 c5 2. Nf3 Nc6 3. d4 cxd4 4. Nxd4 g6 5. c4 Bg7 6. Be3 Nf6 7. Nc3 d6 8. Be2 Nxd4 9. Bxd4 O-O 10. O-O e5
11. Be3 Be6 12. Qd2 Qc7 13. b3 a6 14. Rac1 Rac8 15. Nd5 Nxe4 16. Qd3 Bxd5 17. cxd5 Nc3 18. Bf3 Qa5 19. Bd2 e4 20. Bxe4 Rc7
21. Rfe1 Rfc8 22. h4 Qxa2 23. h5 Nxe4 24. Rxc7 Rxc7 25. Qxe4 Qxd2
0-1

[Event "Accelerated dragon assault!"]
[Site "SchemingMind.com"]
[Date "2008.03.12"]
[Round "-"]
[White "1tamad"]
[Black "lemmie"]
[Result "0-1"]
[WhiteCountry "USA"]
[BlackCountry "NED"]
[WhiteElo "1749"]
[WhiteRD "66"]
[BlackElo "1735"]
[BlackRD "58"]
[GameID "145625"]

1. e4 c5 2. Nf3 Nc6 3. d4 cxd4 4. Nxd4 g6 5. Nc3 Bg7 6. Be3 Nf6 7. Bd3 d6 8. O-O Ng4 9. Nxc6 bxc6 10. Bd2 Ne5
11. Rb1 O-O 12. f4 Nxd3 13. cxd3 Qb6+ 14. Kh1 f5 15. Qe2 Rb8 16. Be3 Qa5 17. Qc2 fxe4 18. dxe4 d5 19. e5 Bf5 20. Qa4 Qxa4
21. Nxa4 Bxb1 22. Rxb1 g5 23. fxg5 Bxe5 24. b3 d4 25. Bd2 Rf2 26. Ba5 Rbf8 27. g3 Rxa2 28. Bb4 Rff2 29. Bxe7 Rxh2+ 30. Kg1 Rag2+
31. Kf1 Bxg3 32. Bc5 Rf2+ 33. Kg1 Rfg2+ 34. Kf1 Bf2 35. Rb2 Rg1+ 36. Ke2 Rg3 37. Bxa7 d3+
0-1

[Event "Accelerated dragon assault!"]
[Site "SchemingMind.com"]
[Date "2008.03.11"]
[Round "-"]
[White "Clive Everill"]
[Black "lemmie"]
[Result "0-1"]
[WhiteCountry "CZE"]
[BlackCountry "NED"]
[WhiteElo "1680"]
[WhiteRD "52"]
[BlackElo "1768"]
[BlackRD "55"]
[GameID "145626"]

1. e4 c5 2. Nf3 Nc6 3. d4 cxd4 4. Nxd4 g6 5. c3 Nf6 6. f3 Bg7 7. Be3 O-O 8. Bc4 d5 9. exd5 Ne5 10. Bb3 Nxd5
11. Bf2 Nf4 12. O-O Ned3 13. Qc2 Nxf2 14. Rxf2 e5 15. Ne2 Bf5 16. Qd2 Nd3 17. Rf1 Qb6+ 18. Kh1 Nf2+ 19. Rxf2 Qxf2 20. Na3 Rfd8
21. Qe1 Qxe1+ 22. Rxe1 Rd2 23. Nc4 Rd7 24. Ng3 Be6 25. h3 b5 26. Nxe5 Bxe5 27. Rxe5 Bxb3 28. axb3 Rd1+ 29. Kh2 a6 30. Re2 a5
31. Ne4 Re8 32. Rc2 Rc8 33. Nd2 Rd8 34. Ne4 f5 35. Nc5 R8d2 36. Rxd2 Rxd2 37. Kg3 Rxb2 38. f4 Rc2 39. c4 bxc4 40. bxc4 Rxc4
41. Na6 a4
0-1

[Event "Accelerated dragon assault!"]
[Site "SchemingMind.com"]
[Date "2008.03.11"]
[Round "-"]
[White "TRFz"]
[Black "lemmie"]
[Result "1-0"]
[WhiteCountry "GBR"]
[BlackCountry "NED"]
[WhiteElo "2049"]
[WhiteRD "54"]
[BlackElo "1768"]
[BlackRD "55"]
[GameID "145627"]

1. e4 c5 2. Nf3 Nc6 3. d4 cxd4 4. Nxd4 g6 5. Nc3 Bg7 6. Be3 d6 7. Bc4 Nf6 8. f3 O-O 9. Qd2 Nd7 10. O-O-O Nde5
11. Bb3 Na5 12. Kb1 Bd7 13. h4 Nec4 14. Qc1 Nxb3 15. cxb3 Nxe3 16. Qxe3 h5 17. Rc1 Rc8 18. Nd5 e6 19. Rxc8 Bxc8 20. Nc3 Qf6
21. Rd1 Rd8 22. Ndb5 a6 23. Nxd6 Qxh4 24. e5 Qg3 25. Qb6 Rf8 26. Nxc8 Rxc8 27. Qxb7 Rf8 28. Qxa6 Bxe5 29. Qe2 Bg7 30. Ne4 Qe5
31. Rd7 Qh2 32. Rd2 Ra8 33. b4 Qg1+ 34. Qd1 Qb6 35. a3 h4 36. Qe1 Qb5 37. Qxh4 Qf1+ 38. Ka2 Qc4+ 39. Kb1 Qf1+ 40. Kc2 Qc4+
41. Kd1 Qf1+ 42. Qe1 Qb5 43. Nc5 Bf8 44. Qe2 Qc6 45. Qe4 Qe8 46. Ke1 Rc8 47. Rc2 Qb5 48. Qd4 Bg7 49. Qf4 Bxb2 50. a4 Be5
51. Qxe5 Qxb4+ 52. Kf2 Qh4+ 53. Ke2 Qh1 54. Qg5 Qb1 55. Qc1 Qb4 56. Ne4 Rd8 57. Qh6 Qe7 58. Rc7 Rd2+ 59. Kxd2 Qb4+ 60. Ke2 Qb2+
61. Qd2 Qb6 62. Qc3 Qa6+ 63. Kd2
1-0

[Event "Accelerated dragon assault!"]
[Site "SchemingMind.com"]
[Date "2008.03.11"]
[Round "-"]
[White "SLAINTIE MHATH"]
[Black "lemmie"]
[Result "0-1"]
[WhiteCountry "POL"]
[BlackCountry "NED"]
[WhiteElo "1591"]
[WhiteRD "45"]
[BlackElo "1768"]
[BlackRD "55"]
[GameID "145628"]

1. e4 c5 2. Nf3 Nc6 3. d4 cxd4 4. Nxd4 g6 5. Bc4 Nf6 6. Nc3 Qb6 7. Nxc6 dxc6 8. b3 Ng4 9. O-O Qc7 10. g3 Bg7
11. Qf3 O-O 12. Bf4 Qa5 13. Bd2 Bd4 14. Rad1 Ne5 15. Qf4 Bxc3 16. Bxc3 Qxc3 17. Bd3 Rd8 18. Qe3 Ng4 19. Qg5 Qf6 20. Qxf6 Nxf6
21. f3 e5 22. g4 Be6 23. h3 g5 24. c4 Rd4 25. Rd2 Rad8 26. Rfd1 h5 27. Kf2 hxg4 28. hxg4 Bxg4 29. fxg4 Nxe4+ 30. Ke2 Nxd2
31. Rxd2 e4 32. Bxe4 Rxd2+ 33. Kf3 Rxa2 34. b4 Ra3+ 35. Ke2 Re8 36. Kd2 Rxe4 37. c5 Rxg4 38. Kc2 Rg2+ 39. Kb1 Rh3
0-1

[Event "Accelerated dragon assault!"]
[Site "SchemingMind.com"]
[Date "2008.03.12"]
[Round "-"]
[White "Jimsin"]
[Black "keen"]
[Result "0-1"]
[WhiteCountry "GBR"]
[BlackCountry "SCO"]
[WhiteElo "1435"]
[WhiteRD "97"]
[BlackElo "1820"]
[BlackRD "54"]
[GameID "145718"]

1. e4 c5 2. Nf3 Nc6 3. d4 cxd4 4. Nxd4 g6 5. Nc3 Bg7 6. Be3 Nf6 7. Bc4 O-O 8. Qd2 d6 9. Nxc6 bxc6 10. Bh6 Rb8
11. Bxg7 Kxg7 12. b3 Nxe4 13. Qd4+ Nf6 14. g4 Bxg4 15. Rg1 Bf5 16. h4 e5 17. Qxa7 d5 18. Be2 d4 19. Na4 Bxc2 20. h5 d3
21. Bd1 Bxd1 22. Rxd1 Nxh5 23. Qe3 e4 24. Qxe4 Re8 25. f3 Rxe4+ 26. fxe4 Qa5+ 27. Kf2 d2 28. Ke3 Rd8 29. Rg2 Qa7+ 30. Kf3 Rd3+
31. Kg4 Qd4
0-1

[Event "Accelerated dragon assault!"]
[Site "SchemingMind.com"]
[Date "2008.03.15"]
[Round "-"]
[White "Jimsin"]
[Black "Dr_Pat"]
[Result "0-1"]
[WhiteCountry "GBR"]
[BlackCountry "USA"]
[WhiteElo "1435"]
[WhiteRD "97"]
[BlackElo "1929"]
[BlackRD "48"]
[GameID "145719"]

1. e4 c5 2. Nf3 Nc6 3. d4 cxd4 4. Nxd4 g6 5. Nc3 Bg7 6. Nxc6 bxc6 7. Bc4 Nf6 8. O-O O-O 9. f4 Nxe4 10. Nxe4 d5
11. Nc5 dxc4 12. Qf3 Qb6 13. Qf2 Rd8 14. Be3 Qxb2 15. a4 Bf5 16. Rac1 Rab8 17. h3 h5 18. h4 Qc3 19. g3 Rb2 20. Rfd1 Rxd1+
21. Rxd1 Rxc2 22. Qf3 Bd4
0-1

[Event "Accelerated dragon assault!"]
[Site "SchemingMind.com"]
[Date "2008.03.16"]
[Round "-"]
[White "Jimsin"]
[Black "BlueMooner"]
[Result "0-1"]
[WhiteCountry "GBR"]
[BlackCountry "ENG"]
[WhiteElo "1435"]
[WhiteRD "97"]
[BlackElo "1850"]
[BlackRD "86"]
[GameID "145720"]

1. e4 c5 2. Nf3 Nc6 3. d4 cxd4 4. Nxd4 g6 5. Nc3 Bg7 6. Nxc6 bxc6 7. Bc4 Qc7 8. Qf3 Nf6 9. Bg5 d5 10. exd5 cxd5
11. Bxd5 Nxd5 12. Qxd5 Bb7 13. Qb3 O-O 14. Nd5 Qe5+ 15. Qe3 Qxd5 16. f3 Bd4 17. Qxe7 Rae8 18. O-O-O Rxe7 19. Bxe7 Qxa2 20. c3 Be3+
21. Kc2 Rb8 22. Rd3 Qa4+ 23. Kb1 Bxf3 24. gxf3 Qb5 25. Ba3 Qxd3+
0-1

[Event "Accelerated dragon assault!"]
[Site "SchemingMind.com"]
[Date "2008.03.13"]
[Round "-"]
[White "Jimsin"]
[Black "1tamad"]
[Result "1-0"]
[WhiteCountry "GBR"]
[BlackCountry "USA"]
[WhiteElo "1435"]
[WhiteRD "97"]
[BlackElo "1749"]
[BlackRD "66"]
[GameID "145721"]

1. e4 c5 2. Nf3 Nc6 3. d4 cxd4 4. Nxd4 g6 5. Nc3 Bg7 6. Be3 d6 7. Bb5 Bd7 8. Qf3 Nf6 9. O-O-O O-O 10. h4 a6
11. Bc4 b5 12. Bd5 Bg4 13. Qg3 Nxd5 14. Nxc6 Qd7 15. exd5 Bxc3 16. f3 Bg7 17. fxg4 a5 18. b4 axb4 19. Nxb4 Ra4 20. Bd2 Rc8
21. h5 Rc4 22. hxg6 Rxg4 23. Qh3 Qf5 24. Qxh7+ Kf8 25. Bh6
1-0

[Event "Accelerated dragon assault!"]
[Site "SchemingMind.com"]
[Date "2008.03.13"]
[Round "-"]
[White "Jimsin"]
[Black "Clive Everill"]
[Result "0-1"]
[WhiteCountry "GBR"]
[BlackCountry "CZE"]
[WhiteElo "1557"]
[WhiteRD "150"]
[BlackElo "1680"]
[BlackRD "52"]
[GameID "145722"]

1. e4 c5 2. Nf3 Nc6 3. d4 cxd4 4. Nxd4 g6 5. Nc3 Bg7 6. Bb5 Nxd4 7. Be3 Nxb5 8. Nxb5 Qa5+ 9. c3 Qxb5 10. b4 Bxc3+
0-1

[Event "Accelerated dragon assault!"]
[Site "SchemingMind.com"]
[Date "2008.03.13"]
[Round "-"]
[White "Jimsin"]
[Black "lemmie"]
[Result "0-1"]
[WhiteCountry "GBR"]
[BlackCountry "NED"]
[WhiteElo "1435"]
[WhiteRD "97"]
[BlackElo "1735"]
[BlackRD "58"]
[GameID "145723"]

1. e4 c5 2. Nf3 Nc6 3. d4 cxd4 4. Nxd4 g6 5. Nc3 Bg7 6. Be3 d6 7. Bb5 Bd7 8. O-O e6 9. Nxc6 Bxc6 10. a4 Bxc3
11. bxc3 Ne7 12. Bh6 d5 13. Qd4 Rg8 14. Rab1 dxe4 15. Bxc6+ Nxc6 16. Qc5 Qd5 17. Be3 b6 18. Qa3 O-O-O 19. Qb3 Qxb3 20. cxb3 Rd3
21. Rfc1 Rgd8 22. h3 e5 23. b4 R8d7 24. b5 Na5 25. c4 Nb3 26. Re1 f5 27. c5 bxc5 28. Kh2 c4 29. b6 a6 30. g3 Kb7
31. Rb2 Nd4 32. a5 Nf3+ 33. Kh1 Nxe1 34. Rb4 Nc2 35. Rxc4 Nxe3 36. fxe3 Rd1+
0-1

[Event "Accelerated dragon assault!"]
[Site "SchemingMind.com"]
[Date "2008.03.13"]
[Round "-"]
[White "Jimsin"]
[Black "TRFz"]
[Result "1-0"]
[WhiteCountry "GBR"]
[BlackCountry "GBR"]
[WhiteElo "1504"]
[WhiteRD "116"]
[BlackElo "2185"]
[BlackRD "58"]
[GameID "145724"]

1. e4 c5 2. Nf3 Nc6 3. d4 cxd4 4. Nxd4 g6 5. Nc3 Bg7 6. Be3 Nf6 7. Qf3 O-O 8. O-O-O d6 9. Nd5 Ng4 10. h3 Nxe3
11. fxe3 e6 12. Nf4 e5 13. Nxc6 bxc6 14. Nd3 Qb6 15. h4 Bh6 16. Re1 f5 17. g3 fxe4 18. Qxe4 Bf5 19. Qc4+ d5 20. Qb3 Bxe3+
21. Kb1 Rae8 22. h5 g5 23. Qxb6 Bxb6 24. Bh3 g4 25. Bg2 Bd4 26. Rhf1 Rb8 27. b3 e4 28. Nf4 Bc3 29. Re2 Bg7 30. Rh1 a5
31. h6 Bh8 32. Rh5 Bc3 33. Rg5+ Kh8 34. Nh5 Bc8 35. Re3 Bd4 36. Re1 Ba6 37. Kc1 Rf2 38. Nf4 Bc3 39. Rh1 Bd2+ 40. Kb2 Bxf4
41. gxf4 Rxg2 42. f5 Rg8 43. Rhh5 Rxg5 44. Rxg5 Bd3 45. Rg7 Rxc2+ 46. Ka3 Rf2 47. Ra7 Bb1 48. Ra8#
1-0